Press coverage report on panel on foreign investment in developing countries

Uloženo v:
Podrobná bibliografie
Korporativní autor: Centre for Economic and Social Information
Médium: Kniha
Jazyk:Undetermined
Vydáno: New York
Témata:
Tagy: Přidat tag
Žádné tagy, Buďte první, kdo otaguje tento záznam!
Thư viện lưu trữ: Trung tâm Học liệu Trường Đại học Cần Thơ
LEADER 00500nam a2200145Ia 4500
001 CTU_84849
008 210402s9999 xx 000 0 und d
082 |a 332.6 
082 |b P935 
110 |a Centre for Economic and Social Information 
245 0 |a Press coverage report on panel on foreign investment in developing countries 
245 0 |c Centre for Economic and Social Information 
260 |a New York 
650 |a investments, foreign 
980 |a Trung tâm Học liệu Trường Đại học Cần Thơ